banner-ar

الافلام والتصوير الفتوغرافى / (Record no. 60830)

MARC details
000 -الفاتح
حقل البيانات ثابتة الطول 01137nam a22002777a 4500
005 - وقت وتاريخ اخر تعامل مع التسجيلة
رقم الضبط 20240530110430.0
008 - عناصر البيانات ثابتة الطول - معلومات عامة
حقل البيانات ثابتة الطول 150330s2004 su o f 001 0 ara d
017 ## - رقم الايداع القانونى
رقم الايداع القانونى 1424/3146
المصدر ( الهيئة المختصة) السعودية . مكتبة الملك فهد
020 ## - الرقم الدولى المعيارى للكتب
الرقم الدولى المعيارى للكتاب 9960403912
040 ## - مصدر الفهرسة
وكالة الفهرسة الأصلية EG-CaGPL
082 04 - رقم تصنيف ديوى العشرى
رقم الطبعة 21
رقم التصنيف 302.2
رقم المادة ط/ج س
100 ## - المدخل الرئيسى - إسم شخصى
الإسم الشخصى جراهام ، ايان
الشكل الأكمل للاسم ايان جراهام
245 12 - بيان العنوان
العنوان الافلام والتصوير الفتوغرافى /
بيان المسئوليه,etc تاليف ايان جراهام ؛ ترجمة مركز التعريب والترجمة بمكتبة العبيكان
250 ## - بيان الطبعة
بيان الطبعة ط1
260 ## - PUBLICATION, DISTRIBUTION, ETC. (IMPRINT)
تاريخ النشر أو التوزيع 2004 .
300 ## - الوصف المادى
التعداد 49 ص :
تفاصيل ماديه اخرى للوعاء صور ؛
أبعاد الوعاء 30 سم
490 0# - بيان السلسلة
عنوان السلسلة سلسلة الاتصالات تحت المجهر
650 04 - المدخل الاضافى بالموضوع-مصطلح موضوعى
مصطلح موضوعي التصوير
650 04 - المدخل الاضافى بالموضوع-مصطلح موضوعى
مصطلح موضوعي التصوير بالاشعة
650 04 - المدخل الاضافى بالموضوع-مصطلح موضوعى
مصطلح موضوعي التصوير الضوئى
650 04 - المدخل الاضافى بالموضوع-مصطلح موضوعى
مصطلح موضوعي الصور المتحركة
650 04 - المدخل الاضافى بالموضوع-مصطلح موضوعى
مصطلح موضوعي الات التصوير
710 2# - المدخل الاضافى - اسم هيئه
اسم الهيئة أو اسم السلطة كمدخل مركز التعريب والترجمة بمكتبة العبيكان
الدور مترجم
942 ## - عناصر المدخل الإضافي( كوها)
مصدر التصنيف او مخطط الترفيف Dewey Decimal Classification
Koha [default] item type كتاب
260 ## - PUBLICATION, DISTRIBUTION, ETC. (IMPRINT)
-- الرياض :
-- مكتبة العبيكان ،
Holdings
حالة التراجع حالة الفقد حالة تلف ليس للاعارة المكان المؤقت الموقع الحالى تاريخ الاكتساب اجمالي اﻻعارات رقم الطلب الباركود تاريخ اخر مشاهدة تاريخ تفعيل السعر نوع وعاء كوها
        مكتبة القاهرة الكبرى مكتبة القاهرة الكبرى 03/30/2015   302.2 ط/ج س 159995 03/30/2015 03/30/2015 كتاب

Powered By

EGPV